000
00211 a2200097 4500
001
2336
100
_a
Karman, T V
245
_a
Advances in Aeronautical Science
260
_a
_b
Macmillan
_c
090
_c
1694
_d
1694
942
_a
NUST-CAE
_c
M
_c
7713
999
_c
237409
_d
237409